[Event "Tokyo Japan op"]
[Site "Tokyo"]
[Date "2021.11.21"]
[Round "4"]
[White "Tanaka, Satoshi"]
[Black "Asaka, Samuel"]
[Result "0-1"]
[WhiteElo "1346"]
[BlackElo "2254"]
[PlyCount "90"]
[EventDate "2021.11.20"]
[EventType "swiss"]
[EventRounds "7"]
[EventCountry "JPN"]
[SourceTitle "CBM 205 Extra"]
[Source "ChessBase"]
[SourceDate "2022.01.31"]
[SourceVersion "1"]
[SourceVersionDate "2022.01.31"]
[SourceQuality "1"]

1. e4 c6 2. Nf3 d5 3. exd5 cxd5 4. d4 Nc6 5. Nc3 Bg4 6. Be2 e6 7. h3 Bh5 8. Ne5 Bxe2 9. Nxe2 Bd6 10. Nxc6 bxc6 11. 0-0 Ne7 12. b3 0-0 13. c4 dxc4 14. bxc4 c5 15. Bb2 cxd4 16. Qxd4 Nf5 17. Qg4 Qc7 18. Rfc1 Be5 19. Rab1 Rac8 20. c5 Rfd8 21. Qe4 Rd5 22. c6 g6 23. Bxe5 Qxe5 24. Qxe5 Rxe5 25. Kf1 Rd5 26. Rb7 Rxc6 27. g4 Rxc1+ 28. Nxc1 Nd6 29. Rb8+ Kg7 30. Ke2 Kf6 31. Ra8 Ra5 32. Kd3 Rd5+ 33. Kc2 Rc5+ 34. Kb2 Rc7 35. Nd3 e5 36. Kb3 e4 37. Nb4 Ke5 38. a4 f5 39. a5 f4 40. Rxa7 Rxa7 41. Nc6+ Kd5 42. Nxa7 e3 43. fxe3 f3 44. a6 f2 45. Nc8 Nxc8 0-1

[Event "Tokyo Japan op"]
[Site "Tokyo"]
[Date "2021.11.21"]
[Round "3"]
[White "Tanaka, Satoshi"]
[Black "Gishi, Takeshi"]
[Result "1-0"]
[WhiteElo "1346"]
[BlackElo "2036"]
[PlyCount "95"]
[EventDate "2021.11.20"]
[EventType "swiss"]
[EventRounds "7"]
[EventCountry "JPN"]
[SourceTitle "CBM 205 Extra"]
[Source "ChessBase"]
[SourceDate "2022.01.31"]
[SourceVersion "1"]
[SourceVersionDate "2022.01.31"]
[SourceQuality "1"]

1. e4 Nf6 2. Nc3 d5 3. exd5 Nxd5 4. Nf3 Bg4 5. h3 Bh5 6. d4 Nc6 7. Bc4 Nb6 8. Be2 e6 9. 0-0 Be7 10. Be3 0-0 11. Ne4 Bg6 12. Ng3 h6 13. Bd3 Bxd3 14. Qxd3 Nd5 15. c4 Nxe3 16. fxe3 e5 17. d5 Bf6 18. Ne4 Nb4 19. Qb3 a5 20. a3 Na6 21. Qxb7 Qe7 22. Qc6 Bg5 23. Nfxg5 hxg5 24. Rf5 f6 25. Raf1 Qe8 26. Qxe8 Rfxe8 27. Kh2 Rab8 28. R1f2 Rb3 29. R5f3 Reb8 30. c5 Rxb2 31. d6 cxd6 32. cxd6 Rxf2 33. Rxf2 Rd8 34. Rb2 Kf7 35. Rb6 Nb8 36. a4 Kg6 37. g4 Nd7 38. Ra6 f5 39. Nf2 Nf6 40. Rxa5 Rxd6 41. Rxe5 f4 42. Ne4 Nxe4 43. Rxe4 Rd2+ 44. Kg1 f3 45. a5 Kf6 46. Ra4 Rg2+ 47. Kf1 Rb2 48. a6 1-0